000 00949nas a2200325 4500
001 BR0101239
003 BR-BrBNA
005 20231205102119.0
007 ta
008 230509b bl.|||p| |||| 00| 00por d
040 _aBR-BrBNA
_bpor
_cBiblioteca Nacional de Agricultura
041 _a(Pt)
072 _aL02
100 1 _aCastro, A.J. de
100 1 _aGomes, P.C.
100 1 _aPupa, J.M.R.
100 1 _aRostagno, H.S.
100 1 _aAlbino, L.F.T.
100 1 _aNascimento, A.H.
245 1 _aExigencia de triptofano para frangos de corte de 1 a 21 dias de idade
650 _aFrango de Corte
650 _aDieta
650 _aSuplemento Alimentar
650 _aTriptofano
650 _aDigestibilidade
650 _aMinas Gerais
773 0 _tRevista Brasileira de Zootecnia (Brazil)
_xISSN 1516-3598
_g(Nov-Dec 2000), v. 29(6) p. 1743-1749
_wBR0101239
909 _a202311
_bLúcia
_c55
_dLúcia Elande
942 _2AGRIS
_n0
_cANA
999 _c165815
_d165815